Nacionalidade dos personagens de Street Fighter - Statistics

Estatísticas Gerais
  • Esse quiz foi jogado 141 vezes
    138 desde o último reset
  • A pontuação média é 83 de 94
Estatísticas das Respostas
# Países Personagens % Correto
6 Estados Unidos Alex
99%
7 Estados Unidos Allen Sneider
99%
10 Estados Unidos Balrog
99%
12 Estados Unidos Blade
99%
16 Estados Unidos Charlie Nash
99%
18 Estados Unidos Cody
99%
19 Estados Unidos Craker Jack
99%
20 Estados Unidos Crimson Viper
99%
31 Estados Unidos F7
99%
35 Estados Unidos G
99%
40 Estados Unidos Guile
99%
41 Estados Unidos Guy
99%
48 Estados Unidos Joe
99%
55 Estados Unidos Ken Masters
99%
56 Estados Unidos Khyber
99%
60 Estados Unidos Lucia
99%
66 Estados Unidos Mike
99%
71 Estados Unidos Poison
99%
75 Estados Unidos Rolento Schugerg
99%
77 Estados Unidos Rufus
99%
81 Estados Unidos Scott e Max
99%
85 Estados Unidos Sodom
99%
3 Japão Ace
98%
5 Japão Akuma
98%
15 Japão Capitão Sawada
98%
36 Japão Geki
98%
39 Japão Gouken
98%
43 Japão Hayate
98%
44 Japão Hokuto
98%
45 Japão Honda
98%
47 Japão Ibuki
98%
52 Japão Kairi
98%
53 Japão Kage
98%
54 Japão Karin
98%
62 Japão Maki Genryusai
98%
63 Japão Makoto
98%
65 Japão Mika
98%
67 Japão Nanase
98%
69 Japão Oni
98%
70 Japão Oro
98%
74 Japão Retsu
98%
78 Japão Ryu
98%
80 Japão Sakura
98%
84 Japão Skullomania
98%
94 Japão Zeku
98%
13 Brasil Blanka
97%
58 Brasil Laura
97%
82 Brasil Sean Matsuda
97%
17 China Chun-Li
95%
21 China Dan Hibiki
95%
32 China F.A.N.G
95%
34 China Fei Long
95%
37 China Gen
95%
59 China Lee
95%
91 China Yang Lee
95%
92 China Yun Lee
95%
22 Índia Darun Mister
91%
25 Índia Dhalsim
91%
23 Rússia Decapre
91%
57 Rússia Kolin
91%
68 Rússia Necro
91%
87 Rússia Twelve
91%
93 Rússia Zangief
91%
89 Espanha Vega
89%
29 México El Fuerte
89%
86 México Thunder Hawk
89%
2 Canadá Abigail
86%
51 Coréia do Sul Juri Han
86%
26 Alemanha Doctrine
85%
33 Alemanha Falk
85%
46 Alemanha Hugo
85%
49 Alemanha Juli
85%
50 Alemanha Juni
85%
1 França Abel
84%
73 França Remy
84%
83 França Sharon
84%
8 Reino Unido Area
83%
11 Reino Unido Birdie
83%
14 Reino Unido Cammy
83%
27 Reino Unido Dudley
83%
28 Reino Unido Eagle
83%
76 Itália Rose
76%
90 Itália Vulcano Rosso
76%
64 Egito Menat
70%
4 Tailândia Adom
61%
61 Tailândia M. Bison
61%
79 Tailândia Sagat
61%
42 Turquia Hakan
50%
9 Polônia Arkane
44%
24 Jamaica Dee Jay
41%
38 Grécia Gill
39%
88 Grécia Urien
39%
72 Emirados Árabes Unidos Rachid
15%
30 Quênia Elena
13%
Nenhum quiz correspondente encontrado
Distribuição das Pontuações
Porcentagem de Pessoas com Cada Pontuação
Percentil de Números Respondidos
Sua Pontuação Histórica
Você não jogou esse quiz desde o último reset